Actualidad de la hermenéutica analógica.
En este libro se trata de presentar una hermenéutica que responda a las necesidades de la filosofía en la actualidad. Para ello aprovecha recursos antiguos y clásicos, como el concepto de la analogía. Y también elementos del pensamiento más reciente, como las signaturas, signos sutiles que señaló Mi...
Պահպանված է:
| Հիմնական հեղինակ: | |
|---|---|
| Ձևաչափ: | Գիրք |
| Հրապարակվել է: |
México, D.F., México:
Universidad Nacional Autónoma de México,
2014.
|
| Հրատարակություն: | Primera edición. |
| Շարք: | Colección Cuadernos de Hermenéutica;
5 |
| Խորագրեր: | |
| Ցուցիչներ: |
Ավելացրեք ցուցիչ
Չկան պիտակներ, Եղեք առաջինը, ով նշում է այս գրառումը!
|
MARC
| LEADER | 00000nam a22000007a 4500 | ||
|---|---|---|---|
| 003 | CL-VaPUC | ||
| 005 | 20240104154255.0 | ||
| 008 | 220330t2014|||| |||| 00| 0 eng d | ||
| 999 | |c 435860 |d 435858 | ||
| 020 | |a 978-607-02-5507-6 | ||
| 040 | |c Pontificia Universidad Católica de Valparaíso | ||
| 082 | 7 | |a 121.686 SOL 2014 |2 22 | |
| 100 | |a Solares, Blanca |e editora |9 870381 | ||
| 245 | |a Actualidad de la hermenéutica analógica. | ||
| 250 | |a Primera edición. | ||
| 260 | |a México, D.F., México: |b Universidad Nacional Autónoma de México, |c 2014. | ||
| 300 | |a 231 páginas. | ||
| 490 | |a Colección Cuadernos de Hermenéutica; |v 5 | ||
| 500 | |a c.1 Donación Familia Prof. Alejandro Guzmán Brito. | ||
| 520 | |a En este libro se trata de presentar una hermenéutica que responda a las necesidades de la filosofía en la actualidad. Para ello aprovecha recursos antiguos y clásicos, como el concepto de la analogía. Y también elementos del pensamiento más reciente, como las signaturas, signos sutiles que señaló Michel Foucault en Las palabras y las cosas, y que han sido muy bien aprovechadas por Giorgio Agamben. Asimismo, la noción de signatura es algo que aparece en Jacques Derrida y que ha puesto de relieve Gilles Deleuze. Todo ello está encaminado a revitalizar la hermenéutica contemporánea. | ||
| 583 | |c 20220330 |k Cristina María Rojas Aguilar | ||
| 650 | |a Hermenéutica |9 269473 | ||
| 650 | 0 | |a Analogía |9 348086 | |
| 942 | |2 ddc |c BK |n 0 | ||
| 952 | |0 0 |1 0 |2 ddc |4 0 |6 121_686000000000000_SOL_2014 |7 1 |8 C_AGB |9 583535 |a BIBDER |b BIBDER |d 2022-06-08 |e Donación |i 5651655 |o 121.686 SOL 2014 |p 5651655 |r 2023-01-25 |t 1 |w 2022-06-08 |y BK_US |k AGB | ||